[Event "Mittelfranken-chTB2a 1516"]
[Site "Mittelfranken"]
[Date "2015.11.22"]
[Round "3.1"]
[White "Wolter, Norbert"]
[Black "Ludwig, Michael"]
[Result "1-0"]
[WhiteElo "1826"]
[BlackElo "1898"]
[PlyCount "93"]
[EventDate "2015.10.18"]
[EventType "team-tourn"]
[EventRounds "9"]
[EventCountry "GER"]
[SourceTitle "EXT 2020"]
[Source "ChessBase"]
[SourceDate "2019.10.17"]
[SourceVersion "1"]
[SourceVersionDate "2019.10.17"]
[SourceQuality "1"]
[WhiteTeam "Herzogenaurach III"]
[BlackTeam "Buechenbach/Roth II"]
[WhiteTeamCountry "GER"]
[BlackTeamCountry "GER"]

1. c4 e5 2. g3 Nf6 3. Bg2 d6 4. Nf3 Be7 5. Nc3 c6 6. e4 0-0 7. d4 Qc7 8. 0-0 Bg4 9. Be3 Nbd7 10. Qc2 Bxf3 11. Bxf3 exd4 12. Bxd4 Ne5 13. Be2 Rfe8 14. Rac1 Rad8 15. Kg2 a6 16. f4 Ng6 17. Bf3 Nd7 18. Qf2 Bf6 19. Be3 Ngf8 20. Rfd1 Bxc3 21. Rxc3 Nf6 22. Qc2 Qe7 23. Bb6 Rd7 24. Re1 Rc8 25. Bf2 Ne6 26. e5 dxe5 27. Rxe5 Qd6 28. Qe2 Nd4 29. Bxd4 Qxd4 30. Bg4 Rcd8 31. Bxd7 Qxd7 32. Rce3 b5 33. b3 g6 34. h3 bxc4 35. bxc4 Qd4 36. Qc2 Rb8 37. Rb3 Rd8 38. Ree3 Qd2+ 39. Qxd2 Rxd2+ 40. Kf3 Rxa2 41. Ra3 Rh2 42. Rxa6 Rxh3 43. Rxc6 Nh5 44. Kf2 Rh2+ 45. Kg1 Rh3 46. c5 Nxf4 47. Re8+ 1-0

[Event "Mittelfranken-chTB2a 1516"]
[Site "Mittelfranken"]
[Date "2015.10.18"]
[Round "1.3"]
[White "Wolter, Norbert"]
[Black "Dyroff, Roland"]
[Result "0-1"]
[WhiteElo "1826"]
[BlackElo "1823"]
[PlyCount "72"]
[EventDate "2015.10.18"]
[EventType "team-tourn"]
[EventRounds "9"]
[EventCountry "GER"]
[SourceTitle "EXT 2020"]
[Source "ChessBase"]
[SourceDate "2019.10.17"]
[SourceVersion "1"]
[SourceVersionDate "2019.10.17"]
[SourceQuality "1"]
[WhiteTeam "Herzogenaurach III"]
[BlackTeam "Nuernberg Sued SW IV"]
[WhiteTeamCountry "GER"]
[BlackTeamCountry "GER"]

1. c4 e5 2. g3 Bc5 3. Bg2 Nf6 4. Nc3 a6 5. Nf3 Nc6 6. 0-0 d6 7. d3 Bd7 8. Bg5 h6 9. Bd2 Nh7 10. Nd5 Ne7 11. b4 Ba7 12. Nxe7 Qxe7 13. Bc3 c6 14. Rb1 Ng5 15. Nxg5 hxg5 16. d4 Qf6 17. c5 Qh6 18. f3 Qxh2+ 19. Kf2 Rh3 20. g4 Qg3+ 21. Kg1 Rh2 22. Rf2 0-0-0 23. Kf1 Rdh8 24. e3 Rh1+ 25. Bxh1 Rxh1+ 26. Ke2 Rxd1 27. Rxd1 e4 28. Rh1 exf3+ 29. Ke1 Bxg4 30. cxd6 Kd7 31. a4 Bh3 32. b5 g4 33. bxc6+ Kxc6 34. Bb4 Qh4 35. Rg1 Kd7 36. Ba3 Bg2 0-1

[Event "Mittelfranken-chTB1 1415"]
[Site "Mittelfranken"]
[Date "2014.12.14"]
[Round "4.6"]
[White "Wolter, Norbert"]
[Black "Ahlich, Thomas"]
[Result "1-0"]
[WhiteElo "1826"]
[BlackElo "1801"]
[PlyCount "113"]
[EventDate "2014.09.29"]
[EventType "team-tourn"]
[EventRounds "9"]
[EventCountry "GER"]
[SourceTitle "EXT 2020"]
[Source "ChessBase"]
[SourceDate "2019.10.17"]
[SourceVersion "1"]
[SourceVersionDate "2019.10.17"]
[SourceQuality "1"]
[WhiteTeam "Herzogenaurach"]
[BlackTeam "Nuernberg Zabo"]
[WhiteTeamCountry "GER"]
[BlackTeamCountry "GER"]

1. c4 e6 2. g3 Nf6 3. Bg2 d5 4. Nf3 g6 5. 0-0 Bg7 6. d3 0-0 7. Qc2 c6 8. e4 Na6 9. e5 Nd7 10. Re1 Qc7 11. d4 dxc4 12. Qxc4 Nb6 13. Qe2 Nb4 14. Nc3 N4d5 15. Ne4 Bd7 16. Bg5 h6 17. Bd2 Kh7 18. h4 f5 19. exf6 Nxf6 20. Bf4 Qd8 21. Bd6 Rg8 22. Nfg5+ hxg5 23. Nxg5+ Kh8 24. Nf7+ Kh7 25. Nxd8 Raxd8 26. Rad1 Nbd5 27. Be5 Rdf8 28. b3 Rf7 29. Bh3 Rgf8 30. Bd6 Re8 31. Qc2 Rff8 32. Bxf8 Bxf8 33. Re2 Bg7 34. Rde1 Nc7 35. Re5 Bh6 36. h5 Rg8 37. Bxe6 Nxe6 38. Rxe6 Bxe6 39. Rxe6 Nxh5 40. Re7+ Bg7 41. Rxb7 Kh6 42. Qxc6 Bxd4 43. Qd5 Rg7 44. Rxg7 Bxg7 45. Qd2+ g5 46. Qd6+ Nf6 47. Qa6 Kh5 48. Qxa7 Kg6 49. a4 Nh5 50. Qb6+ Kf5 51. a5 Kg4 52. Qe6+ Kf3 53. a6 Bd4 54. Qd5+ Kg4 55. Qxd4+ Kh3 56. Qh8 Kg4 57. Qxh5+ 1-0

[Event "Mittelfranken-chTB1 1415"]
[Site "Mittelfranken"]
[Date "2014.09.28"]
[Round "1.6"]
[White "Wolter, Norbert"]
[Black "Kendzia, Nikolai"]
[Result "1/2-1/2"]
[WhiteElo "1826"]
[BlackElo "1889"]
[PlyCount "42"]
[EventDate "2014.09.29"]
[EventType "team-tourn"]
[EventRounds "9"]
[EventCountry "GER"]
[SourceTitle "EXT 2020"]
[Source "ChessBase"]
[SourceDate "2019.10.17"]
[SourceVersion "1"]
[SourceVersionDate "2019.10.17"]
[SourceQuality "1"]
[WhiteTeam "Herzogenaurach"]
[BlackTeam "Postbauer Heng"]
[WhiteTeamCountry "GER"]
[BlackTeamCountry "GER"]

1. c4 e5 2. Nc3 Nf6 3. g3 Bb4 4. Bg2 0-0 5. Nf3 Re8 6. Nd5 Nxd5 7. cxd5 d6 8. 0-0 c6 9. Qb3 Bc5 10. d3 Qb6 11. Qxb6 Bxb6 12. Nd2 Bg4 13. Re1 cxd5 14. Bxd5 Nc6 15. Bxc6 bxc6 16. Nc4 Bc5 17. Bd2 Rab8 18. Rab1 d5 19. Na5 Bd7 20. b4 Bd6 21. Rec1 Rec8 1/2-1/2

[Event "Mittelfranken-chTB1 1314"]
[Site "Mittelfranken"]
[Date "2014.05.04"]
[Round "9.6"]
[White "Wolter, Norbert"]
[Black "Kittsteiner, Peter"]
[Result "0-1"]
[WhiteElo "1826"]
[BlackElo "1857"]
[PlyCount "70"]
[EventDate "2013.10.20"]
[EventType "team-tourn"]
[EventRounds "9"]
[EventCountry "GER"]
[SourceTitle "EXT 2020"]
[Source "ChessBase"]
[SourceDate "2019.10.17"]
[SourceVersion "1"]
[SourceVersionDate "2019.10.17"]
[SourceQuality "1"]
[WhiteTeam "Herzogenaurach"]
[BlackTeam "Buechenbach/Roth II"]
[WhiteTeamCountry "GER"]
[BlackTeamCountry "GER"]

1. c4 e5 2. Nc3 Nf6 3. Nf3 Nc6 4. d4 exd4 5. Nxd4 Bb4 6. Bg5 0-0 7. Nxc6 bxc6 8. Qd4 Be7 9. g3 h6 10. Bxf6 Bxf6 11. Qd2 Rb8 12. Bg2 Re8 13. 0-0 Bb7 14. c5 Bxc3 15. bxc3 Qe7 16. e3 Bc8 17. Qd4 Rb5 18. Qf4 Qe5 19. Qxe5 Rxe5 20. Rfd1 Rbxc5 21. Rac1 d6 22. Rd4 Bd7 23. e4 Ra5 24. Rd2 Be6 25. Rcc2 Rec5 26. Bf1 Ra4 27. f3 Ra3 28. Rd4 Rca5 29. Bc4 c5 30. Bxe6 cxd4 31. Bb3 Rc5 32. c4 Re5 33. Rb2 Ra6 34. f4 Rxe4 35. Bc2 Re8 0-1

[Event "Mittelfranken-chTB1 1314"]
[Site "Mittelfranken"]
[Date "2014.03.30"]
[Round "8.6"]
[White "Braun, Robert"]
[Black "Wolter, Norbert"]
[Result "1/2-1/2"]
[WhiteElo "1928"]
[BlackElo "1826"]
[PlyCount "43"]
[EventDate "2013.10.20"]
[EventType "team-tourn"]
[EventRounds "9"]
[EventCountry "GER"]
[SourceTitle "EXT 2020"]
[Source "ChessBase"]
[SourceDate "2019.10.17"]
[SourceVersion "1"]
[SourceVersionDate "2019.10.17"]
[SourceQuality "1"]
[WhiteTeam "Buechenbach/Roth"]
[BlackTeam "Herzogenaurach"]
[WhiteTeamCountry "GER"]
[BlackTeamCountry "GER"]

1. e4 d5 2. exd5 Nf6 3. d4 Nxd5 4. c4 Nb6 5. Nf3 Bg4 6. Be2 e6 7. 0-0 Nc6 8. Be3 Be7 9. Nc3 0-0 10. b3 Bf5 11. Bd3 Bxd3 12. Qxd3 Rc8 13. Rad1 a6 14. Rfe1 Re8 15. Ne4 Nd7 16. Neg5 Nf6 17. Ne5 Nxe5 18. dxe5 Qxd3 19. Rxd3 Ng4 20. Bf4 Red8 21. Red1 Rxd3 22. Rxd3 1/2-1/2

[Event "Mittelfranken-chTB1 1314"]
[Site "Mittelfranken"]
[Date "2014.01.12"]
[Round "4.6"]
[White "Wolter, Norbert"]
[Black "Vogt, Peter"]
[Result "1/2-1/2"]
[WhiteElo "1826"]
[BlackElo "1828"]
[PlyCount "79"]
[EventDate "2013.10.20"]
[EventType "team-tourn"]
[EventRounds "9"]
[EventCountry "GER"]
[SourceTitle "EXT 2020"]
[Source "ChessBase"]
[SourceDate "2019.10.17"]
[SourceVersion "1"]
[SourceVersionDate "2019.10.17"]
[SourceQuality "1"]
[WhiteTeam "Herzogenaurach"]
[BlackTeam "Schwanstetten"]
[WhiteTeamCountry "GER"]
[BlackTeamCountry "GER"]

1. c4 c5 2. Nc3 Nf6 3. Nf3 e6 4. g3 Be7 5. Bg2 0-0 6. 0-0 d6 7. d4 cxd4 8. Nxd4 a6 9. b3 Nbd7 10. Bb2 Re8 11. Qd2 Qc7 12. Rac1 Bf8 13. Rfd1 Ra7 14. Nf3 b6 15. Ng5 Bb7 16. Nge4 Nxe4 17. Nxe4 Bxe4 18. Bxe4 f5 19. Bg2 e5 20. Ba3 Nc5 21. Qd5+ Kh8 22. Qc6 Rc8 23. Qxc7 Raxc7 24. Rd5 g6 25. Rcd1 Kg7 26. e4 fxe4 27. Bxc5 Rxc5 28. Bxe4 Rxd5 29. Bxd5 a5 30. Rd3 Be7 31. Kg2 Rf8 32. Rf3 Bg5 33. Rxf8 Kxf8 34. Kf3 Bd2 35. Kg4 Kg7 36. h4 Kf6 37. Be4 Kg7 38. f3 Kf6 39. Kh3 h6 40. Kg4 1/2-1/2

[Event "Mittelfranken-chTB2b 1213"]
[Site "Germany"]
[Date "2013.04.21"]
[Round "8.7"]
[White "Wolter, Norbert"]
[Black "Wagenfeld, Wladymyr"]
[Result "1-0"]
[WhiteElo "1842"]
[BlackElo "1718"]
[PlyCount "107"]
[EventDate "2012.10.07"]
[EventType "team-tourn"]
[EventRounds "9"]
[EventCountry "GER"]
[SourceTitle "EXT 2019"]
[Source "ChessBase"]
[SourceDate "2018.10.10"]
[SourceVersion "1"]
[SourceVersionDate "2018.10.10"]
[SourceQuality "1"]
[WhiteTeam "Herzogenaurach"]
[BlackTeam "Nuernberg NT IV"]
[WhiteTeamCountry "GER"]
[BlackTeamCountry "GER"]

1. c4 g6 2. Nc3 Bg7 3. Nf3 c6 4. e4 d6 5. d4 Nd7 6. Be2 c5 7. 0-0 cxd4 8. Nxd4 a6 9. Be3 Ngf6 10. Rc1 0-0 11. Qd2 Ne5 12. f3 Bd7 13. Nd5 Rc8 14. Nb3 Nxd5 15. cxd5 Rxc1 16. Rxc1 Qb8 17. Nd4 Rc8 18. h3 Be8 19. Rc2 Nd7 20. Qc1 Rxc2 21. Qxc2 Kf8 22. b4 Qd8 23. b5 axb5 24. Nxb5 Qb8 25. Nc7 b6 26. Bb5 Nf6 27. Nxe8 Nxe8 28. Bxe8 Qxe8 29. Qc6 b5 30. Kf1 h6 31. Ke2 f5 32. Qxe8+ Kxe8 33. Kd3 Kd7 34. exf5 gxf5 35. g4 e6 36. dxe6+ Kxe6 37. Bd4 Bf8 38. Be3 Bg7 39. h4 Bf6 40. h5 Bg7 41. g5 hxg5 42. Bxg5 Kd5 43. Bf4 Kc5 44. h6 Bh8 45. Be3+ Kd5 46. Bf4 Kc5 47. Bd2 d5 48. a3 Kd6 49. Bc3 Bxc3 50. Kxc3 Kc5 51. h7 d4+ 52. Kd3 b4 53. axb4+ Kxb4 54. h8Q 1-0

[Event "Mittelfranken-chTB2b 1213"]
[Site "Germany"]
[Date "2012.10.07"]
[Round "6.5"]
[White "Kirsch, Heinrich"]
[Black "Wolter, Norbert"]
[Result "0-1"]
[WhiteElo "1795"]
[BlackElo "1842"]
[PlyCount "68"]
[EventDate "2012.10.07"]
[EventType "team-tourn"]
[EventRounds "9"]
[EventCountry "GER"]
[SourceTitle "EXT 2019"]
[Source "ChessBase"]
[SourceDate "2018.10.10"]
[SourceVersion "1"]
[SourceVersionDate "2018.10.10"]
[SourceQuality "1"]
[WhiteTeam "Erlangen Siemens"]
[BlackTeam "Herzogenaurach"]
[WhiteTeamCountry "GER"]
[BlackTeamCountry "GER"]

1. d4 Nf6 2. Nf3 g6 3. Bf4 Bg7 4. c3 0-0 5. Nbd2 d5 6. h3 c5 7. e3 b6 8. Ne5 Nfd7 9. Nxd7 Bxd7 10. dxc5 bxc5 11. Nb3 e5 12. Qxd5 exf4 13. Qxa8 fxe3 14. 0-0-0 exf2 15. Qd5 Re8 16. Bb5 Re5 17. Qb7 Bh6+ 18. Kb1 Bf5+ 19. Ka1 Qb6 20. Qxb6 axb6 21. Rhf1 Bc2 22. Rd8+ Kg7 23. Re8 Rxe8 24. Bxe8 Be3 25. Bb5 Be4 26. g3 Nc6 27. Nc1 Ne5 28. Rd1 c4 29. b3 Bxc1 30. Rxc1 Bd3 31. Bxc4 Nxc4 32. bxc4 Bxc4 33. Kb2 f1Q 34. Rxf1 Bxf1 0-1

[Event "Mittelfranken-chTB2b 1112"]
[Site "Germany"]
[Date "2012.02.26"]
[Round "7.6"]
[White "Wolter, Norbert"]
[Black "Strnad, Alfred"]
[Result "1/2-1/2"]
[WhiteElo "1842"]
[BlackElo "1865"]
[PlyCount "41"]
[EventDate "2011.09.25"]
[EventType "team-tourn"]
[EventRounds "9"]
[EventCountry "GER"]
[SourceTitle "EXT 2018"]
[Source "ChessBase"]
[SourceDate "2017.10.13"]
[SourceVersion "1"]
[SourceVersionDate "2017.10.13"]
[SourceQuality "1"]
[WhiteTeam "Herzogenaurach"]
[BlackTeam "Heideck/Hilpoltstein"]
[WhiteTeamCountry "GER"]
[BlackTeamCountry "GER"]

1. c4 Nf6 2. Nc3 g6 3. Nf3 Bg7 4. e4 c5 5. d4 cxd4 6. Nxd4 0-0 7. Be2 d6 8. Be3 Nc6 9. 0-0 Bd7 10. Rc1 Rc8 11. Nxc6 Bxc6 12. Bf3 b6 13. Qd2 Re8 14. Nd5 Nd7 15. Rfd1 Ne5 16. Be2 Qd7 17. h3 Qb7 18. f4 Nd7 19. Bf3 Rcd8 20. b4 Qb8 21. Re1 1/2-1/2

[Event "Mittelfranken-chTB2a 0910"]
[Site "Mittelfranken"]
[Date "2010.03.14"]
[Round "8.6"]
[White "Foessel, Max"]
[Black "Wolter, Norbert"]
[Result "0-1"]
[WhiteElo "1470"]
[BlackElo "1837"]
[PlyCount "80"]
[EventDate "2009.10.11"]
[EventType "team-tourn"]
[EventRounds "9"]
[EventCountry "GER"]
[SourceTitle "EXT 2011"]
[Source "ChessBase"]
[SourceDate "2010.11.26"]
[SourceVersion "1"]
[SourceVersionDate "2010.11.26"]
[SourceQuality "1"]
[WhiteTeam "Buechenbach/Roth III"]
[BlackTeam "Herzogenaurach"]
[WhiteTeamCountry "GER"]
[BlackTeamCountry "GER"]

1. d4 Nf6 2. c4 g6 3. Nc3 d5 4. cxd5 Nxd5 5. e4 Nxc3 6. bxc3 Bg7 7. Bc4 c5 8. Ne2 0-0 9. 0-0 cxd4 10. cxd4 Qc7 11. Bb3 Nc6 12. Bf4 Qd8 13. Be3 Na5 14. Rc1 Bd7 15. Nc3 Rc8 16. f4 e6 17. e5 Nxb3 18. Qxb3 Bc6 19. Rfd1 Bd5 20. Qb2 Qa5 21. Rc2 Rc6 22. Nxd5 Qxd5 23. Rxc6 Qxc6 24. Rc1 Qd7 25. Qc2 Rd8 26. Qc7 Bf8 27. Qxd7 Rxd7 28. Rc8 Kg7 29. f5 gxf5 30. Bg5 Be7 31. Be3 Bd8 32. d5 Rxd5 33. Bxa7 Rd7 34. Be3 Bc7 35. Bf4 Bd8 36. Rc3 Bc7 37. Rg3+ Kh8 38. Bh6 Bxe5 39. Ra3 Rd8 40. Ra7 Bd4+ 0-1

[Event "Mittelfrankenliga-B2a 0708"]
[Site "Mittelfranken"]
[Date "2008.04.13"]
[Round "8.7"]
[White "Wolter, Norbert"]
[Black "Wallis, Frank"]
[Result "1/2-1/2"]
[WhiteElo "1841"]
[BlackElo "1901"]
[PlyCount "60"]
[EventDate "2007.10.14"]
[EventType "team-tourn"]
[EventRounds "9"]
[EventCountry "GER"]
[SourceTitle "EXT 2011"]
[Source "ChessBase"]
[SourceDate "2010.11.26"]
[SourceVersion "1"]
[SourceVersionDate "2010.11.26"]
[SourceQuality "1"]
[WhiteTeam "Herzogenaurach"]
[BlackTeam "Erlangen SC II"]
[WhiteTeamCountry "GER"]
[BlackTeamCountry "GER"]

1. c4 Nf6 2. Nc3 d6 3. d4 g6 4. Nf3 Bg7 5. e4 0-0 6. Be2 c5 7. 0-0 cxd4 8. Nxd4 Nc6 9. Be3 Bd7 10. Qd2 Rc8 11. f3 b6 12. Rac1 Nxd4 13. Bxd4 Be6 14. Nd5 Bxd5 15. cxd5 Nd7 16. Be3 f5 17. Rxc8 Qxc8 18. Rc1 Qb7 19. exf5 Rxf5 20. f4 Kh8 21. Bf3 a5 22. b4 axb4 23. Qxb4 Nf6 24. Qxb6 Qxb6 25. Bxb6 Bh6 26. Bd4 Rxf4 27. Rc8+ Kg7 28. Be3 Rf5 29. Bxh6+ Kxh6 30. Rc7 Nxd5 1/2-1/2

[Event "Mittelfrankenliga-B2a 0708"]
[Site "Mittelfranken"]
[Date "2008.01.13"]
[Round "4.5"]
[White "Winkler, Markus"]
[Black "Wolter, Norbert"]
[Result "1/2-1/2"]
[WhiteElo "1862"]
[BlackElo "1841"]
[PlyCount "51"]
[EventDate "2007.10.14"]
[EventType "team-tourn"]
[EventRounds "9"]
[EventCountry "GER"]
[SourceTitle "EXT 2011"]
[Source "ChessBase"]
[SourceDate "2010.11.26"]
[SourceVersion "1"]
[SourceVersionDate "2010.11.26"]
[SourceQuality "1"]
[WhiteTeam "Lauf"]
[BlackTeam "Herzogenaurach"]
[WhiteTeamCountry "GER"]
[BlackTeamCountry "GER"]

1. e4 d5 2. exd5 Nf6 3. Nc3 Nxd5 4. Nge2 c5 5. Nxd5 Qxd5 6. Nc3 Qd8 7. Bb5+ Bd7 8. 0-0 e6 9. Re1 Bxb5 10. Nxb5 Nc6 11. d3 a6 12. Nc3 Be7 13. Ne4 0-0 14. Be3 b6 15. Qh5 Nb4 16. Qe2 Nd5 17. a3 Nf6 18. Bg5 Nxe4 19. Bxe7 Qxe7 20. dxe4 Rfd8 21. Rad1 Rxd1 22. Rxd1 Rd8 23. Rd2 b5 24. Qd1 Rxd2 25. Qxd2 f6 26. f4 1/2-1/2

[Event "Mittelfrankenliga-B2a 0708"]
[Site "Mittelfranken"]
[Date "2007.11.25"]
[Round "3.6"]
[White "Brauner, Jan"]
[Black "Wolter, Norbert"]
[Result "0-1"]
[WhiteElo "1586"]
[BlackElo "1841"]
[PlyCount "90"]
[EventDate "2007.10.14"]
[EventType "team-tourn"]
[EventRounds "9"]
[EventCountry "GER"]
[SourceTitle "EXT 2011"]
[Source "ChessBase"]
[SourceDate "2010.11.26"]
[SourceVersion "1"]
[SourceVersionDate "2010.11.26"]
[SourceQuality "1"]
[WhiteTeam "Eckental"]
[BlackTeam "Herzogenaurach"]
[WhiteTeamCountry "GER"]
[BlackTeamCountry "GER"]

1. e4 d5 2. exd5 Nf6 3. Nc3 Nxd5 4. Nxd5 Qxd5 5. Qf3 Qc5 6. Qb3 Nc6 7. Bc4 e6 8. Nf3 a6 9. Be2 Be7 10. c3 e5 11. 0-0 0-0 12. d3 b6 13. Be3 Qd6 14. Rad1 Na5 15. Qc2 Bf5 16. Qd2 Nc6 17. d4 exd4 18. Nxd4 Nxd4 19. Bxd4 Qg6 20. Bf3 Rad8 21. Qe2 Bg5 22. Rfe1 Bc2 23. Ra1 Bd3 24. Be4 Bxe2 25. Bxg6 Rfe8 26. Bf5 Bd2 27. Reb1 c5 28. Be3 Bxe3 29. fxe3 Bd3 30. Bxd3 Rxd3 31. Rd1 Rdxe3 32. Rd6 R3e6 33. Rad1 Kf8 34. Rd8 Rxd8 35. Rxd8+ Ke7 36. Ra8 b5 37. Kf2 Kf6 38. a4 bxa4 39. Rc8 Rb6 40. Rxc5 Rxb2+ 41. Kf3 Rb6 42. Ra5 Rc6 43. Kf2 Ke6 44. Rxa4 Kd5 45. Ke3 Rxc3+ 0-1

[Event "Corfu op"]
[Site "Corfu"]
[Date "2007.10.01"]
[Round "1"]
[White "Wolter, Norbert"]
[Black "Trabert, Bettina"]
[Result "0-1"]
[WhiteElo "1973"]
[BlackElo "2260"]
[PlyCount "84"]
[EventDate "2007.10.01"]
[EventType "swiss"]
[EventRounds "9"]
[EventCountry "GRE"]
[SourceTitle "CBM 120 Extra"]
[Source "ChessBase"]
[SourceDate "2007.11.01"]
[SourceVersion "1"]
[SourceVersionDate "2007.11.01"]
[SourceQuality "1"]

1. c4 e5 2. Nc3 Nf6 3. Nf3 Nc6 4. d4 exd4 5. Nxd4 Bb4 6. Bg5 h6 7. Bh4 0-0 8. Nxc6 bxc6 9. e3 Re8 10. Be2 g5 11. Bg3 Ne4 12. Rc1 d6 13. 0-0 Bxc3 14. bxc3 c5 15. Bd3 Bf5 16. Qe2 Qe7 17. Rfe1 Rab8 18. Bxe4 Qxe4 19. f3 Qd3 20. e4 Qxe2 21. Rxe2 Be6 22. h4 Bxc4 23. Rd2 Re7 24. Kf2 Kh7 25. Re1 f6 26. hxg5 hxg5 27. Bh2 a5 28. Kg3 a4 29. f4 Rbe8 30. fxg5 fxg5 31. Rf2 Rxe4 32. Rxe4 Rxe4 33. Rc2 Kg6 34. Bg1 Re1 35. Bf2 Ra1 36. Rb2 Bd5 37. Rb8 Rxa2 38. Rc8 a3 39. Rxc7 Rc2 40. Ra7 Rxc3+ 41. Kh2 a2 42. Ra6 Kf5 0-1

[Event "Mittelfrankenliga-B2a 0607"]
[Site "Mittelfranken"]
[Date "2007.05.06"]
[Round "9.6"]
[White "Weidenhoefer, Martin"]
[Black "Wolter, Norbert"]
[Result "1-0"]
[WhiteElo "1898"]
[BlackElo "1807"]
[PlyCount "73"]
[EventDate "2006.10.22"]
[EventType "team-tourn"]
[EventRounds "9"]
[EventCountry "GER"]
[SourceTitle "EXT 2011"]
[Source "ChessBase"]
[SourceDate "2010.11.26"]
[SourceVersion "1"]
[SourceVersionDate "2010.11.26"]
[SourceQuality "1"]
[WhiteTeam "Neumarkt"]
[BlackTeam "Herzogenaurach"]
[WhiteTeamCountry "GER"]
[BlackTeamCountry "GER"]

1. e4 d5 2. exd5 Nf6 3. Nf3 Nxd5 4. d4 Bg4 5. Be2 e6 6. h3 Bh5 7. 0-0 Be7 8. Ne5 Bxe2 9. Qxe2 Nd7 10. c4 N5f6 11. Rd1 0-0 12. Nc3 Qc8 13. Bg5 Re8 14. Rd3 c5 15. Nxd7 Nxd7 16. Bxe7 Rxe7 17. d5 a6 18. Rad1 e5 19. Ne4 Qf8 20. Rf3 h6 21. Qe3 b6 22. g4 Rd8 23. h4 g6 24. g5 h5 25. Nf6+ Kg7 26. Nxd7 Rdxd7 27. Rf6 Qb8 28. d6 Re8 29. Rd5 e4 30. Qf4 Qc8 31. Re5 b5 32. Qxe4 Rxe5 33. Qxe5 Kg8 34. cxb5 axb5 35. Kh2 Qc6 36. Qe8+ Kg7 37. Rxf7+ 1-0

[Event "Mittelfrankenliga-B2a 0607"]
[Site "Mittelfranken"]
[Date "2007.02.11"]
[Round "6.6"]
[White "Wolter, Norbert"]
[Black "Reinders, Rudolf"]
[Result "1-0"]
[WhiteElo "1807"]
[BlackElo "1887"]
[PlyCount "73"]
[EventDate "2006.10.22"]
[EventType "team-tourn"]
[EventRounds "9"]
[EventCountry "GER"]
[SourceTitle "EXT 2011"]
[Source "ChessBase"]
[SourceDate "2010.11.26"]
[SourceVersion "1"]
[SourceVersionDate "2010.11.26"]
[SourceQuality "1"]
[WhiteTeam "Herzogenaurach"]
[BlackTeam "Erlangen BSGW"]
[WhiteTeamCountry "GER"]
[BlackTeamCountry "GER"]

1. c4 Nf6 2. Nc3 e6 3. e4 d6 4. d4 Be7 5. Nf3 Nc6 6. Be2 0-0 7. 0-0 a6 8. Qc2 e5 9. dxe5 dxe5 10. Rd1 Qe8 11. Nd5 Bd8 12. Bg5 Bg4 13. Bxf6 gxf6 14. Nh4 Bxe2 15. Qxe2 Kh8 16. Nf5 Rg8 17. Rd3 Rg6 18. Rad1 Qg8 19. Rg3 Rxg3 20. hxg3 Qg5 21. Kh2 Rb8 22. Qd3 Qh5+ 23. Kg1 Qg5 24. b4 h6 25. a3 Kh7 26. f3 b5 27. c5 a5 28. Kf2 axb4 29. Rh1 bxa3 30. Rxh6+ Kg8 31. f4 exf4 32. gxf4 Qg4 33. Rh1 b4 34. Nh6+ Kf8 35. Nxg4 b3 36. Rh8+ Kg7 37. Qh3 1-0